Деньги и финансовые институты: учебное пособие

Dades bibliogràfiques
Autor principal: Балабанов И. Т. Игорь Тимофеевич
Altres autors: Гончарук О. В. Ольга Васильевна, Савинская Н. А. Надежда Алексеевна
Sumari:Исключено из фонда НТБ ТПУ
Idioma:rus
Publicat: СПб., Питер, 2002
Col·lecció:Краткий курс
Format: MixedMaterials Llibre
KOHA link:https://koha.lib.tpu.ru/cgi-bin/koha/opac-detail.pl?biblionumber=49179

MARC

LEADER 00000nam0a2200000 4500
001 49179
005 20231031032518.0
010 |a 5272000528 
035 |a (RuTPU)RU\TPU\book\51499 
090 |a 49179 
100 |a 20030326d2002 m y0rusy50 ca 
101 0 |a rus 
102 |a RU 
105 |a a j 001zy 
200 1 |a Деньги и финансовые институты  |e учебное пособие  |f И. Т. Балабанов, О. В. Гончарук, Н. А. Савинская 
210 |a СПб.  |c Питер  |d 2002 
215 |a 224 с.  |c ил. 
225 1 |a Краткий курс 
320 |a Библиогр.: с. 220. 
333 |a Исключено из фонда НТБ ТПУ 
686 |a У9(2)26я73  |v LBC/SL-A  |2 rubbk 
686 |a У9(2)262.6я73  |v LBC/SL-A  |2 rubbk 
700 1 |a Балабанов  |b И. Т.  |g Игорь Тимофеевич 
701 1 |a Гончарук  |b О. В.  |g Ольга Васильевна 
701 1 |a Савинская  |b Н. А.  |g Надежда Алексеевна 
801 1 |a RU  |b 63413507  |c 20030326  |g PSBO 
801 2 |a RU  |b 63413507  |c 20210614  |g PSBO 
942 |c BK